000 00814nam a22002777a 4500
001 0001404
003 KOHA_MİRAKIL
005 20260207001240.0
007 ta
008 081212b1993 tu |||gr||||#||||0|tur |
020 _c6,69
040 _aTR-BiSEU
_btur
_cTR-BiSEU
_erda
041 0 _atur
044 _ctu
050 _aTK7874
_b.M37 1993
100 1 _aMartson, J. M..
245 1 _aCMOS devreleri el kitabı /
_cJ. M. Martson ; J. M. Martson; çeviren Gürcan Banger.
264 1 _aİstanbul :
_bBilim Teknik Yayınevi
_c1993
300 _a245 sayfa
336 _ametin
_btxt
_2rdacontent
337 _aaracısız
_bn
_2rdamedia
338 _acilt
_bnc
_2rdacarrier
650 0 _aTümler-simetri metaloksit yarı iletken devreler.
_94511
650 0 _aElektrik devreleri.
_92597
942 _2lcc
_cBK
999 _c1393
_d1393